Estudio Socio-Económico para el ordenamiento Territoriala del Municipio de Santiago. (Registro nro. 44261)
[ vista simple ]
| 000 -CABECERA | |
|---|---|
| campo de control de longitud fija | 00905nam a2200229 a 4500 |
| 001 - NÚMERO DE CONTROL | |
| campo de control | 000044772 |
| 005 - FECHA Y HORA DE LA ÚLTIMA TRANSACCIÓN | |
| campo de control | 20201002045621.0 |
| 008 - DATOS DE LONGITUD FIJA--INFORMACIÓN GENERAL | |
| campo de control de longitud fija | 150109s2010 dr bd 000 0 spa d |
| 020 ## - NÚMERO INTERNACIONAL ESTÁNDAR DEL LIBRO | |
| Número Internacional Estándar del Libro | 9789945131420 |
| 040 ## - FUENTE DE LA CATALOGACIÓN | |
| Centro catalogador/agencia de origen | DO-SdBNP |
| Lengua de catalogación | spa |
| Centro/agencia transcriptor | BNPHU |
| 245 00 - MENCIÓN DE TÍTULO | |
| Título | Estudio Socio-Económico para el ordenamiento Territoriala del Municipio de Santiago. |
| 260 ## - PUBLICACIÓN, DISTRIBUCIÓN, ETC. | |
| Lugar de publicación, distribución, etc. | Santiago de los Caballeros, República Dominicana, : |
| Nombre del editor, distribuidor, etc. | Fundación DEMUCA, |
| Fecha de publicación, distribución, etc. | 2010. |
| 300 ## - DESCRIPCIÓN FÍSICA | |
| Extensión | xxxvi, 439 p. : |
| Otras características físicas | mapa, diagr. ; |
| Dimensiones | 28 cm. |
| 504 ## - NOTA DE BIBLIOGRAFÍA, ETC. | |
| Nota de bibliografía, etc. | Bibliografía p: 413-422 |
| 500 ## - NOTA GENERAL | |
| Nota general | Incluye lista de cuadros |
| 500 ## - NOTA GENERAL | |
| Nota general | Incluye lista de gráficos |
| 500 ## - NOTA GENERAL | |
| Nota general | Incluye índice de mapas |
| 500 ## - NOTA GENERAL | |
| Nota general | Incluye lista de siglas |
| 500 ## - NOTA GENERAL | |
| Nota general | Incluye listado personas contactadas |
| 500 ## - NOTA GENERAL | |
| Nota general | Incluye mapas |
| 710 1# - PUNTO DE ACCESO ADICIONAL--NOMBRE DE ENTIDAD CORPORATIVA | |
| Nombre de entidad corporativa o nombre de jurisdicción como elemento de entrada | Fundación para el Desarrrollo local y el fortalecimiento Municipal e institucional de Centroamerica y el Caribe |
| 9 (RLIN) | 72785 |
| Estado de retiro | Estado de pérdida | No para préstamo | Código de colección | Localización permanente | Ubicación/localización actual | Ubicación en estantería | Fecha de adquisición | Número de inventario | Total de préstamos | Signatura topográfica completa | Código de barras | Fecha visto por última vez | Precio válido a partir de | Tipo de ítem Koha | Número de copia |
|---|---|---|---|---|---|---|---|---|---|---|---|---|---|---|---|
| Excluido de préstamo | Patrimonio Dominicano | Patrimonio Dominicano | Patrimonio Dominicano | En catalogación | 09.01.2015 | LF1 | 44772-10 | 25.06.2020 | 25.06.2020 | Libro y Folleto Colección Patrimonio Dominicano | |||||
| Excluido de préstamo | Patrimonio Dominicano | Patrimonio Dominicano | Patrimonio Dominicano | En catalogación | 09.01.2015 | LF1 | 44772-20 | 25.06.2020 | 25.06.2020 | Libro y Folleto Colección Patrimonio Dominicano | e. 2 |
